Carregant...

Sociological aspects of economic growth

Dades bibliogràfiques
Autor principal: Hoselitz, Bert F
Format: Printed Book
Publicat: Bombay, Vakils, Feffer and Simons Pvt Ltd 1960
Col·lecció:Current thought series
Matèries:
LEADER 006430000a22002290004500
022 |a 12-06-2004 
041 |a English 
082 |a 338.9 K0 
100 |a Hoselitz, Bert F 
245 |a Sociological aspects of economic growth 
260 |a Bombay, Vakils, Feffer and Simons Pvt Ltd 
260 |c 1960 
465 |a R 3.50 
490 |a Current thought series 
650 |a Economics 
650 |a Enterprise 
650 |a Growth 
650 |a Population 
650 |a Sociology 
942 |c BK 
999 |c 143033  |d 143029 
952 |0 0  |1 0  |4 0  |6 338_900000000000000_K0  |7 0  |9 141815  |a SCC  |b SCC  |d 2017-10-11  |l 0  |o 338.9 K0  |p SCC04057  |r 2017-10-11  |w 2017-10-11  |y BK